Important Dates in FFA - Statistics

General Stats
  • This quiz has been taken 23 times
  • The average score is 38 of 62
Answer Stats
Hint Answer % Correct
In what year was the FFA founded in Kansas City, Missouri? 1928
100%
In what year was the first National FFA Convention held? 1928
100%
In what year was the official blue corduroy FFA jacket adopted? 1933
83%
In what year did the New Farmers of America merge with the FFA? 1965
83%
In what year was the last NFA national convention held? 1965
83%
What year did NFA merge with FFA? 1965
83%
In what year did women become full members of the FFA? 1969
83%
What year did FFA open membership to females? 1969
83%
What year did the Washington Conference (now WLC) begin? 1969
83%
In what year did the Future Farmers of America change its name to the National FFA Organization? 1988
83%
What year did delegates vote to change the official name from Future Farmers of America to the National FFA Organization? 1988
83%
What year did the Future Farmer magazine change its name to FFA New Horizons? 1989
83%
In what year did Missouri receive its FFA charter? 1929
67%
In what year was Puerto Rico granted an FFA charter? 1932
67%
In what year was the New Farmers of America (NFA) founded? 1935
67%
In what year was The National Future Farmer magazine established? 1939
67%
What year was 28.5 acres purchased near Alexandria, Virginia, for the first FFA-owned national headquarters? 1939
67%
In what year did the “Victory Convention” take place following World War II? 1946
67%
In what year was the first National FFA Band organized? 1947
67%
What year was the first FFA Chorus and National FFA Talent program held at National Convention? 1948
67%
What year was the first FFA Week celebrated (during George Washington’s birthday week)? 1948
67%
In what year was the FFA Code of Ethics adopted? 1952
67%
What year was The National Future Farmer magazine established? 1952
67%
What year did the U.S. Post Office issue a special 3-cent stamp for FFA’s 25th anniversary? 1953
67%
What year did President Dwight D. Eisenhower speak at National Convention (first U.S. president to do so)? 1953
67%
What year was the National FFA Alumni Association established? 1971
67%
What year did FFA elect its first African American National FFA President, Corey Flournoy? 1994
67%
In what year did the National FFA Center move to Indianapolis, Indiana? 1998
67%
What year was the first Creed Speaking LDE conducted at the national level? 1998
67%
What year did the National FFA Convention permanently move to Indianapolis, Indiana? 1999
67%
In what year was the FFA time capsule from the 50th National Convention opened? 2006
67%
What year was the Ag Explorer career platform launched by the National FFA Organization? 2017
67%
In what year was the National FFA Foundation created? 1944
50%
What year was the first National FFA Agricultural Proficiency Award presented (for agricultural mechanics)? 1944
50%
What year did Congress pass the bill granting FFA a federal charter (Public Law 81-740)? 1950
50%
What year was American Star Farmer Joe Moore featured on the cover of Time magazine? 1955
50%
What year did former President Harry S. Truman speak during National Convention? 1957
50%
What year was the first National FFA Center dedicated in Alexandria, Virginia? 1959
50%
What year did FFA sell its 1-millionth FFA jacket? 1964
50%
What year was the first FFA National Agricultural Career Show (expo) held? 1966
50%
What year did presidential candidate Richard M. Nixon speak at National Convention? 1968
50%
What year were FFA Official Dress standards created? 1973
50%
In what year was the Food for America program launched? 1975
50%
What year did the Future Farmer of America, National FFA Organization, FFA letters, and emblem become federally protected trademarks? 1991
50%
In what year did The National Future Farmer magazine change its name to FFA New Horizons? 1993
50%
In what year did the “Only Blue Will Do!” campaign begin? 2002
50%
What year was the first live webcast of the National FFA Convention hosted on FFA.org? 2010
50%
What year was Dr. Steve A. Brown named National FFA Advisor? 2011
50%
What year did the National FFA Foundation first raise more than $20 million in annual support? 2012
50%
What year did the Blue 365 member benefits program launch? 2015
50%
What year did the National FFA Organization revise Official Dress standards most recently? 2016
50%
What year did FFA officially adopt #SpeakAg Dialogues as a national advocacy initiative? 2018
50%
What year did the National FFA Foundation celebrate its 75th anniversary? 2019
50%
What year did the largest single donation to the National FFA Foundation occur? 2019
50%
What year did the National FFA Foundation exceed $500 million in total lifetime contributions? 2020
50%
What year was the first National FFA Virtual Convention component introduced? 2020
50%
What year did the FFA Value Statements get adopted by national delegates? 2021
50%
What year did the National FFA Organization surpass 1 million members for the first time? 2022
50%
What year did delegates revise official FFA ceremony terminology to include the optional officer position (last name)? 2022
50%
What year did the National FFA Organization celebrate its 95th National Convention? 2022
50%
In what year was the Smith-Hughes Act passed? 1917
33%
What year did the first International Exchange Program for FFA members begin (with Great Britain)? 1949
33%
No matching quizzes found
Score Distribution
Percent of People with Each Score
Percentile by Number Answered
Your Score History
You have not taken this quiz